| 000 | 00436nam a2200181Ia 4500 | ||
|---|---|---|---|
| 999 |
_c50577 _d50577 |
||
| 003 | 0100 | ||
| 005 | 20170404104609.0 | ||
| 008 | 130303s9999 xx 000 0 und d | ||
| 040 | _cARRUPELIB | ||
| 050 | _aBX4700.S65M351957 | ||
| 100 |
_aMatt, Leonard Von and Trochu, Francis _929621 |
||
| 245 | _aSt. Bernadette | ||
| 245 | _bA Pictorial Biography | ||
| 260 | _aLondon | ||
| 260 | _bLongmans Green Company | ||
| 300 | _a91p | ||
| 300 | _b 183p | ||
| 600 |
_aBernadette Soubirous, St. _929610 |
||
| 942 |
_2lcc _cMONOGRAPH |
||